№ 1/2-11/12; Коммунальное хозяйство

Λεπτομέρειες βιβλιογραφικής εγγραφής
Parent link:Коммунальное хозяйство: производственный журнал Московского коммунального хозяйства. № 1/2-11/12.— , 1928
Γλώσσα:Ρωσικά
Έκδοση: 1928
Μορφή: MixedMaterials Βιβλίο
KOHA link:https://koha.lib.tpu.ru/cgi-bin/koha/opac-detail.pl?biblionumber=535343

MARC

LEADER 00000nam2a2200000 4500
001 535343
005 20231101113507.0
035 |a (RuTPU)RU\TPU\prd\224112 
090 |a 535343 
100 |a 20141013b1928 k y0rusy50 ca 
101 0 |a rus 
102 |a RU 
200 0 |a № 1/2-11/12 
210 |d 1928 
461 1 |0 (RuTPU)RU\TPU\prd\25554  |t Коммунальное хозяйство  |o производственный журнал Московского коммунального хозяйства  |v № 1/2-11/12  |d 1928 
801 0 |a RU  |b 63413507  |c 20010227  |g PSBO 
801 1 |a RU  |b 63413507  |c 20141013 
801 2 |a RU  |b 63413507  |c 20141013  |g RCR 
942 |c BK 
999 |a НТБ_ТПУ  |b РФ  |e -4/20140109  |p П-1154  |u 0,00  |v 1